PURPLE HIBISCUS (Record no. 4656)
[ view plain ]
| 000 -LEADER | |
|---|---|
| fixed length control field | 00479nam a22001577a 4500 |
| 008 - FIXED-LENGTH DATA ELEMENTS--GENERAL INFORMATION | |
| fixed length control field | 260420b |||||||| |||| 00| 0 eng d |
| 020 ## - INTERNATIONAL STANDARD BOOK NUMBER | |
| ISBN | 9789785555738 |
| 100 ## - MAIN ENTRY--AUTHOR | |
| Author | ADICHIE, CHIMAMANDA NGOZI |
| 245 ## - TITLE STATEMENT | |
| Title | PURPLE HIBISCUS |
| 260 ## - PUBLICATION, DISTRIBUTION, ETC. (IMPRINT) | |
| Place of publication | IBADAN |
| Name of publisher | HARPERCOLLINS PUBLISHERS LTD |
| Date of publication | 2004 |
| 300 ## - COLLATION | |
| Pagination | 526p. |
| 650 ## - TRACINGS | |
| Main Subject | English literature |
| Subdivision (1st) | Domestic violence — Fiction |
| Subdivision (2nd) | Nigeria — Social conditions — Fiction |
| 942 ## - ADDED ENTRY ELEMENTS (KOHA) | |
| Item type | Books |
| 050 ## - LIBRARY OF CONGRESS CALL NUMBER | |
| Classification number | PR9387.9 |
| Item number | .A34 |
| Source of classification or shelving scheme | Not for loan | Permanent location | Current location | Date acquired | Accession No. | Full call number | Barcode. | Copy number | Koha item type |
|---|---|---|---|---|---|---|---|---|---|
| Library of Congress Classification | Samuel Ogbemudia Main Library, University of Abuja | Samuel Ogbemudia Main Library, University of Abuja | 04/20/2026 | 2026/71838-41 | PR9387.9.A34 | 2026-0145 | 4 | Books |